Catálogo

Vista normal Vista MARC

Entrada Personal Name

Número de registros utilizados en: 2

001 - CONTROL NUMBER

  • control field: 14114

003 - CONTROL NUMBER IDENTIFIER

  • control field: DLC

005 - DATE AND TIME OF LATEST TRANSACTION

  • control field: 20231214160814.0

008 - FIXED-LENGTH DATA ELEMENTS

  • fixed length control field: 811120n| azannaab |a aaa

010 ## - LIBRARY OF CONGRESS CONTROL NUMBER

  • LC control number: n 81090283

040 ## - CATALOGING SOURCE

  • Original cataloging agency: DLC
  • Language of cataloging: spa
  • Description conventions: rda
  • Transcribing agency: Mx-PuUPA
  • Modifying agency: DLC
  • Modifying agency: Mx-PuUPA

046 ## - SPECIAL CODED DATES

  • Death date: 1588?
  • Source of date scheme: edtf

100 1# - HEADING--PERSONAL NAME

  • Personal name: Durán, Diego,
  • Dates associated with a name: -1588?

374 ## - OCCUPATION

  • Occupation: Autor

375 ## - GENDER

  • Gender: hombre

377 ## - ASSOCIATED LANGUAGE

  • Language code: spa

400 1# - SEE FROM TRACING--PERSONAL NAME

  • Personal name: De Durán, Diego,
  • Dates associated with a name: -1588?

400 1# - SEE FROM TRACING--PERSONAL NAME

  • Control subfield: nnea
  • Personal name: Durán, Diego,
  • Dates associated with a name: d. 1588?

670 ## - SOURCE DATA FOUND

  • Source citation: His Historia de las Indias de Nueva-España, 1867-1880.

670 ## - SOURCE DATA FOUND

  • Source citation: Códice Duráan, 1990:
  • Information found: p. 5 (fray Diego de Durán, b. Seville, Spain ca. 1537, d. in Mexico, 1588)